000 00245nam a2200097Ia 4500
001 722133
005 20250826163306.0
008 250824s9999 xx 000 0 und d
245 0 _aMUHTEŞEM YÜKSELİŞ
_cDURAN ÇETİN
260 _bKARATAY YAYINLARI
999 _c722133
_d722133